[Event "Provincial-ch Moncofa"]
[Site "Moncofa"]
[Date "2013.10.05"]
[Round "2"]
[White "Ventura Monfort, Javier"]
[Black "Arsis Lopez, Jordi"]
[Result "1-0"]
[WhiteElo "1757"]
[BlackElo "1506"]
[PlyCount "71"]
[EventDate "2013.10.05"]
[EventType "swiss"]
[EventRounds "7"]
[EventCountry "ESP"]
[SourceTitle "EXT 2024"]
[Source "ChessBase"]
[SourceDate "2023.10.10"]
[SourceVersion "1"]
[SourceVersionDate "2023.10.10"]
[SourceQuality "1"]

1. d4 d5 2. c4 e6 3. Nc3 Nf6 4. Nf3 Bd6 5. Bg5 c6 6. e3 h6 7. Bh4 Nbd7 8. c5 Be7 9. Qc2 b6 10. b4 0-0 11. Rb1 Bb7 12. Bd3 Qc8 13. Ne5 Rd8 14. 0-0 Ba6 15. b5 Bb7 16. Qa4 Qc7 17. bxc6 Bxc6 18. Nxc6 Bf8 19. Bg3 Qb7 20. Ba6 Qxa6 21. Qxa6 Re8 22. Nb5 Ne4 23. Nc7 Nd2 24. Nxe8 Nxf1 25. Kxf1 Rxe8 26. Qxa7 Nf6 27. cxb6 Ne4 28. Ke2 Nc3+ 29. Kd3 Nxb1 30. b7 Na3 31. b8Q Rxb8 32. Qxb8 f6 33. Bd6 Nb5 34. Qxf8+ Kh7 35. Ne7 Nxd6 36. Qg8# 1-0